[Event "UTD Turner GM Invitational 2013"]
[Site "Richardson USA"]
[Date "2013.03.11"]
[Round "5"]
[White "Negi,P"]
[Black "Zherebukh,Y"]
[Result "1-0"]
[WhiteElo "2639"]
[BlackElo "2623"]

1.e4 e5 2.Nf3 Nc6 3.Bb5 a6 4.Ba4 Nf6 5.O-O Be7 6.Re1 b5 7.Bb3 d6 8.c3 O-O
9.h3 Nb8 10.d4 Nbd7 11.Nbd2 Bb7 12.Bc2 Re8 13.Nf1 Bf8 14.Ng3 g6 15.b3 Bg7
16.d5 Rc8 17.c4 c6 18.Bg5 Qc7 19.Rc1 Qb8 20.Qd2 Nb6 21.Bd3 cxd5 22.cxd5 Rxc1
23.Rxc1 Rc8 24.Rb1 Qc7 25.Qd1 Nfd7 26.a4 bxa4 27.bxa4 Nc5 28.a5 Nbd7 29.Qd2 Rb8
30.Rc1 Bc8 31.Bf1 Qb7 32.Qc2 Qb4 33.Bd8 Bf8 34.Nd2 Bh6 35.Rd1 Nb3 36.Nf3 Bf8
37.Bc7 Ra8 38.Qc6 Qb7 39.Bc4 Nd4 40.Nxd4 exd4 41.Bxd6 Qxc6 42.dxc6 Bxd6 43.cxd7 Bb7
44.Rb1 Bxg3 45.Rxb7 Bh4 46.Rc7 Rd8 47.Bxa6 Kf8 48.Bb5 Ke7 49.a6  1-0

[Event "UTD Turner GM Invitational 2013"]
[Site "Richardson USA"]
[Date "2013.03.11"]
[Round "6"]
[White "Bercys,S"]
[Black "Negi,P"]
[Result "0-1"]
[WhiteElo "2427"]
[BlackElo "2639"]

1.d4 Nf6 2.Nf3 g6 3.c4 Bg7 4.Nc3 d5 5.e3 O-O 6.Qb3 e6 7.Bd2 b6 8.Be2 Bb7
9.O-O Nbd7 10.a4 c5 11.a5 cxd4 12.exd4 dxc4 13.Qxc4 bxa5 14.Qb5 Nb6 15.Rxa5 Ne4
16.Nxe4 Bxe4 17.Rfa1 Qc7 18.Bb4 Rfb8 19.Qc5 Qd8 20.Bc3 Rb7 21.Ne5 Bd5 22.Ra6 Rc8
23.Qa3 Bxe5 24.dxe5 Qg5 25.Bf1 Nc4 26.Qa4 Nd2 27.f4 Nf3+ 28.Kh1 Qh4 29.gxf3 Rxc3
30.Bg2 Bxf3 31.bxc3 Qf2  0-1

[Event "UTD Turner GM Invitational 2013"]
[Site "Richardson USA"]
[Date "2013.03.13"]
[Round "9"]
[White "Negi,P"]
[Black "Chirila,I"]
[Result "1/2-1/2"]
[WhiteElo "2639"]
[BlackElo "2518"]

1.e4 e5 2.Nf3 Nc6 3.d4 exd4 4.Nxd4 Nf6 5.Nc3 Bb4 6.Nxc6 bxc6 7.Bd3 d5 8.exd5 cxd5
9.O-O O-O 10.h3 c6 11.Qf3 Re8 12.Bf4 Be6 13.Ne2 Bf8 14.Rad1 Qa5  1/2-1/2

[Event "Bundesliga 2012-13"]
[Site "Muelheim GER"]
[Date "2013.03.16"]
[Round "11"]
[White "Seyb,A"]
[Black "Negi,P"]
[Result "1/2-1/2"]
[WhiteElo "2310"]
[BlackElo "2657"]

1.e4 c5 2.Nf3 e6 3.d4 cxd4 4.Nxd4 Nc6 5.Nb5 d6 6.c4 Nf6 7.N1c3 a6 8.Na3 Be7
9.Be2 O-O 10.O-O b6 11.Be3 Ne5 12.Rc1 Bb7 13.f3 Rb8 14.Kh1 Qc7 15.Qe1 Rfc8
16.Qf2 Ba8 17.Rfd1 Ned7 18.Qf1 Qd8 19.Nc2 h5 20.Nd4 h4 21.b4 g6 22.Nb3 Qf8
23.c5 b5 24.cxd6 Bxd6 25.a3 Be5 26.Nb1 Rxc1 27.Nxc1 Rc8 28.Nd3 Bb8 29.Rc1 Nh5
30.Rxc8 Qxc8 31.Qc1 Qf8 32.Nd2 f5 33.exf5 gxf5 34.Bf2 h3 35.g3 f4 36.g4 Nhf6
37.Kg1 e5 38.Nc5 Nxc5 39.Qxc5 Bd6 40.Qc2 Kg7 41.Qf5 Nh7 42.Qxf8+ Kxf8 43.Bh4 Be7
44.Bxe7+ Kxe7 45.Nb3 Ng5 46.Kf2 Kd6 47.Nc5 a5 48.Nb3 a4 49.Nd2 Kd5 50.Bxb5 Kd4
51.Ke2 Kc3 52.Bxa4 Ne6 53.Bd1 Bc6 54.Ne4+ Kc4 55.Nd6+ Kc3 56.Nf7 Nd4+ 57.Ke1 Bxf3
58.Nxe5 Bd5 59.Kf2 Nb5 60.a4 Nd6 61.b5 Ne4+ 62.Kf3 Kd2 63.Bb3 Ng5+ 64.Kxf4 Ne6+
65.Kg3 Bxb3 66.a5 Bd5 67.b6 Ke3 68.Nd7 Bb7 69.Nb8 Nc5 70.Kxh3 Kf4 71.Kh4 Ke5
72.Kh5 Bf3 73.Kg5 Ne6+ 74.Kh6 Kd6 75.g5 Kc5 76.Na6+ Kc6 77.g6 Nd4 78.Nc7 Be2
79.g7 Bc4 80.Kh7 Nf3 81.Ne8 Ba2 82.g8=Q Bxg8+ 83.Kxg8 Nxh2 84.Kf7 Nf1 85.Ke7 Ne3
86.Nd6 Nd5+ 87.Kd8 Nxb6 88.a6 Kxd6  1/2-1/2

[Event "Bundesliga 2012-13"]
[Site "Muelheim GER"]
[Date "2013.03.17"]
[Round "12"]
[White "Negi,P"]
[Black "Lauber,A"]
[Result "1-0"]
[WhiteElo "2657"]
[BlackElo "2465"]

1.e4 c6 2.d4 d5 3.e5 Bf5 4.Nf3 e6 5.Be2 Ne7 6.O-O Nc8 7.Nbd2 Be7 8.Ne1 c5
9.dxc5 Bxc5 10.Bd3 Ne7 11.Nb3 Bb6 12.Bg5 Bxd3 13.Nxd3 Qc7 14.a4 a6 15.a5 Ba7
16.Qe2 Nbc6 17.Be3 Bxe3 18.Qxe3 O-O 19.c3 Rad8 20.Qc5 Qb8 21.f4 Rd7 22.g4 Ng6
23.Rae1 f5 24.exf6 Rxf6 25.g5 Rf5 26.Rxe6 Rdf7 27.Qd6 Qxd6 28.Rxd6 Kf8 29.Rxc6 bxc6
30.Nd4 Ke8 31.Nxf5 Rxf5 32.b4 Kd7 33.Kg2 Kd6 34.Kg3 Nf8 35.Nc5 Ne6 36.Nxa6 Nxg5
37.Kg4 g6 38.Nc5 Nf7 39.Re1 Nh6+ 40.Kf3 Rf7 41.Re8 Nf5 42.a6 Ra7 43.Rd8+ Kc7
44.Ne6+ Kb6 45.Rb8+  1-0

[Event "TCh-BEL 2012-13"]
[Site "Buellingen BEL"]
[Date "2013.03.24"]
[Round "11.1"]
[White "Negi,P"]
[Black "David,Alb"]
[Result "1-0"]
[WhiteElo "2658"]
[BlackElo "2599"]

1.e4 c5 2.Nf3 e6 3.d4 cxd4 4.Nxd4 Nf6 5.Nc3 d6 6.g4 h6 7.Be3 a6 8.f3 b5 9.Qd2 b4
10.Na4 Nbd7 11.O-O-O d5 12.exd5 Nxd5 13.Bc4 Bb7 14.Rhe1 N7f6 15.g5 hxg5 16.Bxg5 Be7
17.h4 Qa5 18.Bb3 O-O-O 19.f4 Bd6 20.Qf2 Kb8 21.Kb1 Bc7 22.Nf3 Nxf4 23.Nc5 Bxf3
24.Qxf3 Qxc5 25.Bxf4 a5 26.Rc1 Rxh4 27.Bxc7+ Qxc7 28.c3 Rf4 29.Qe2 Re4 30.Qb5+ Qb7
31.Qxa5 Rd2 32.Rh1 Ne8 33.Rh8 Qd7  1-0

[Event "Bundesliga 2012-13"]
[Site "Schwetzingen GER"]
[Date "2013.04.06"]
[Round "14"]
[White "Bogner,S"]
[Black "Negi,P"]
[Result "1/2-1/2"]
[WhiteElo "2558"]
[BlackElo "2657"]

1.Nf3 Nf6 2.c4 g6 3.Nc3 d5 4.Qa4+ Bd7 5.Qb3 dxc4 6.Qxc4 a6 7.Qb3 b5 8.a4 Be6
9.Qa3 b4 10.Qxb4 Nc6 11.Qc5 Qd6 12.Qxd6 cxd6 13.Rb1 Bg7 14.g3 O-O 15.Bg2 Rab8
16.O-O Rfc8 17.d3 Bb3 18.Be3 Bc2 19.Rbc1 Rxb2 20.Nd1 Ra2 21.Nc3 Rb2 22.Nd1 Ra2
23.Nc3  1/2-1/2

[Event "Bundesliga 2012-13"]
[Site "Schwetzingen GER"]
[Date "2013.04.07"]
[Round "15"]
[White "Negi,P"]
[Black "Ragger,M"]
[Result "1/2-1/2"]
[WhiteElo "2657"]
[BlackElo "2655"]

1.e4 e5 2.Nf3 Nc6 3.Bb5 a6 4.Ba4 Nf6 5.O-O b5 6.Bb3 Bc5 7.c3 d6 8.d4 Bb6
9.Be3 Bg4 10.Nbd2 O-O 11.h3 Bh5 12.dxe5 Nxe5 13.Bxb6 cxb6 14.g4 Bg6 15.Nxe5 dxe5
16.Qe2 Qe7 17.Rfd1 Nd7 18.Bd5 Rad8 19.a4 bxa4 20.Rxa4 a5 21.b4 Nf6 22.Bb3 axb4
23.Rxb4  1/2-1/2

[Event "Asian Continental 2013"]
[Site "Manila PHI"]
[Date "2013.05.18"]
[Round "1.4"]
[White "Negi,P"]
[Black "Dimakiling,O"]
[Result "1-0"]
[WhiteElo "2651"]
[BlackElo "2384"]

1.e4 e5 2.Nf3 Nc6 3.Bb5 a6 4.Ba4 Nf6 5.O-O Be7 6.Re1 b5 7.Bb3 d6 8.c3 O-O
9.h3 Na5 10.Bc2 c5 11.d4 cxd4 12.cxd4 Nc6 13.Nc3 Bb7 14.d5 Nb8 15.b4 Nbd7
16.a4 Qc7 17.Bd2 bxa4 18.Nxa4 Rfc8 19.Bd3 h6 20.Qe2 Qd8 21.Be3 Bf8 22.Nd2 Rcb8
23.Nc4 Nxd5 24.exd5 Bxd5 25.Nc3 Nf6 26.Nb6 Bxg2 27.Kxg2 Rxb6 28.Bxb6 Qxb6
29.Qf3 Ra7 30.Nd5 Nxd5 31.Qxd5 Be7 32.Rec1 g6 33.Bxg6 Bh4 34.Ra2 Kg7 35.Bd3  1-0

[Event "Asian Continental 2013"]
[Site "Manila PHI"]
[Date "2013.05.20"]
[Round "3.14"]
[White "Negi,P"]
[Black "Donguines,F"]
[Result "1-0"]
[WhiteElo "2651"]
[BlackElo "2372"]

1.e4 g6 2.d4 Bg7 3.Nf3 d6 4.Bc4 c6 5.Bb3 Nf6 6.Qe2 e5 7.O-O Qe7 8.Nbd2 O-O
9.c3 Nh5 10.Re1 Nf4 11.Qf1 b6 12.a4 g5 13.dxe5 dxe5 14.Nc4 Na6 15.Bc2 Nc7
16.Ne3 g4 17.Nf5 Bxf5 18.exf5 Ncd5 19.Nd2 Kh8 20.Ne4 Rg8 21.Kh1 Qd7 22.f6 Nxf6
23.Nxf6 Bxf6 24.Bxf4 exf4 25.Rad1 Qc7 26.Qd3 Rg7 27.Qf5 Bh4 28.Rd7 Qc8 29.g3 fxg3
30.hxg3 Bg5 31.Rxa7 Rb8 32.Rd7 Qf8 33.b4 c5 34.a5 bxa5 35.bxa5 Re8 36.Rxe8 Qxe8
37.Rc7 Bd8 38.Rc8 Rg6 39.Qd5 Rg8 40.a6  1-0

[Event "Asian Continental 2013"]
[Site "Manila PHI"]
[Date "2013.05.21"]
[Round "4.6"]
[White "Nguyen Duc Hoa"]
[Black "Negi,P"]
[Result "1/2-1/2"]
[WhiteElo "2503"]
[BlackElo "2651"]

1.d4 Nf6 2.c4 g6 3.Nc3 d5 4.Bg5 Bg7 5.Bxf6 Bxf6 6.cxd5 c5 7.dxc5 Nd7 8.Qa4 Qc7
9.Rc1 Qxc5 10.e4 O-O 11.Nf3 Qb6 12.Qa3 Nc5 13.e5 Bg7 14.Nd1 Nd7 15.Qxe7 Nxe5
16.Nxe5 Bf6 17.Nd7 Bxe7 18.Nxb6 axb6 19.Bc4 Bb4+ 20.Nc3 Re8+ 21.Kd2 Re4 22.Bd3 Rd4
23.Kc2 Bxc3 24.Kxc3 Rxd5 25.Bc4 Rc5 26.b4 Rc7 27.Kb2 Bf5 28.Bb5 Rac8 29.Rxc7 Rxc7
30.Rc1 Rxc1  1/2-1/2

[Event "DC International"]
[Site "Arlington USA"]
[Date "2013.06.29"]
[Round "6.1"]
[White "Enkhbat,T1"]
[Black "Negi,P"]
[Result "0-1"]
[WhiteElo "2428"]
[BlackElo "2634"]

1.d4 Nf6 2.c4 g6 3.Nf3 Bg7 4.g3 d5 5.cxd5 Nxd5 6.Bg2 Nb6 7.Nc3 Nc6 8.e3 O-O
9.O-O Re8 10.h3 Bd7 11.Kh2 Qc8 12.a3 e5 13.d5 Na5 14.a4 c5 15.e4 c4 16.Be3 Qc7
17.Nd2 Qd6 18.Qc2 Qb4 19.Ra3 Rac8 20.Rfa1 f5 21.f3 a6 22.g4 Qd6 23.Bf1 h5
24.Be2 f4 25.Bf2 Kf7 26.Kg2 Bf8 27.Nd1 Qc7 28.Qc3 Bxa3 29.Rxa3 Nxa4 30.Qb4 Kg7
31.Rxa4 Bxa4 32.Bb6 Nc6 33.dxc6 Qxc6 34.Nc3 Bb5 35.Nd5 hxg4 36.hxg4 c3 37.Bxb5 Qxb5
38.Qxb5 axb5 39.bxc3 b4 40.Ba5 bxc3 41.Nxc3 Kf7 42.Kf2 Rh8 43.Ke2 Ra8 44.Bb4 Ra1
45.Kd3 Rh2 46.Bc5 g5 47.Bb6 Ke6 48.Bd8 Re1 49.Bb6 Rg2 50.Bc5 Rh1 51.Bb4 Rh3
52.Na4 Rxg4 53.Nc5+ Kf7 54.Nd7 Rg2 55.Nxe5+ Ke6 56.Kd4 Rh1 57.Nd3 Rd1 58.Nb3 g4
59.Nc5+ Kf7 60.fxg4 Rg3 61.e5 b6 62.e6+ Ke8 63.Ne4 Rgxd3+ 64.Ke5 Rd5+ 65.Kxf4 Rf1+
66.Kg3 Rd4 67.Nd6+ Rxd6 68.Bxd6 Rd1 69.Be5 Ke7 70.g5 Kxe6 71.Bf6 b5 72.Kf3 b4
73.Ke2 Rd7  0-1

[Event "Politiken Cup 2013"]
[Site "Helsingor DEN"]
[Date "2013.07.27"]
[Round "1.3"]
[White "Nielsen,Mor"]
[Black "Negi,P"]
[Result "0-1"]
[WhiteElo "1965"]
[BlackElo "2634"]

1.e4 c5 2.c3 d5 3.exd5 Qxd5 4.d4 Nc6 5.dxc5 Qxc5 6.Be3 Qa5 7.b4 Qc7 8.b5 Na5
9.Qa4 b6 10.Nf3 e6 11.Bd3 Bb7 12.O-O Nf6 13.Qh4 Bxf3 14.gxf3 Rd8 15.Bd4 Rd5
16.f4 Bd6 17.Bxf6 gxf6 18.Be4 Rg8+ 19.Kh1 Qc4 20.Bg2 Rxg2 21.Kxg2 Rg5+  0-1

[Event "Politiken Cup 2013"]
[Site "Helsingor DEN"]
[Date "2013.07.28"]
[Round "2.3"]
[White "Negi,P"]
[Black "Christensen,Janu"]
[Result "1-0"]
[WhiteElo "2634"]
[BlackElo "2156"]

1.e4 e6 2.d4 d5 3.e5 c5 4.c3 Nc6 5.Nf3 Qb6 6.a3 c4 7.Nbd2 Bd7 8.Be2 Na5 9.O-O h6
10.Rb1 Nb3 11.Nxb3 Ba4 12.Nfd2 Rc8 13.Qe1 Bxb3 14.Nxb3 cxb3 15.Bd3 Ne7 16.h4 g6
17.h5 Bg7 18.Qe2 O-O 19.Qg4 g5 20.f4 Nc6 21.fxg5 Nxe5 22.Qg3 hxg5 23.Bxg5 f6
24.Bxf6 Rxf6 25.Rxf6  1-0

[Event "Politiken Cup 2013"]
[Site "Helsingor DEN"]
[Date "2013.07.28"]
[Round "3.3"]
[White "Bekker Jensen,Da"]
[Black "Negi,P"]
[Result "1/2-1/2"]
[WhiteElo "2310"]
[BlackElo "2634"]

1.d4 Nf6 2.c4 g6 3.g3 Bg7 4.Bg2 d5 5.cxd5 Nxd5 6.e4 Nb6 7.Ne2 c5 8.d5 e6
9.O-O O-O 10.Nec3 Na6 11.a4 Nc4 12.Na3 exd5 13.exd5 Nxa3 14.Rxa3 Nb4 15.Ne4 c4
16.Bg5 f6 17.Qd2 Nd3 18.Bh6 Bxh6 19.Qxh6 Bf5 20.Rc3 Nxb2 21.Rb1 Qe7 22.Rxb2 Bxe4
23.Bxe4 f5 24.Rxc4 fxe4  1/2-1/2

[Event "Politiken Cup 2013"]
[Site "Helsingor DEN"]
[Date "2013.07.29"]
[Round "4.14"]
[White "Grant,J"]
[Black "Negi,P"]
[Result "0-1"]
[WhiteElo "2235"]
[BlackElo "2634"]

1.c4 g6 2.g3 Bg7 3.Bg2 c5 4.Nc3 Nc6 5.e4 d6 6.Nge2 e6 7.d3 Nge7 8.Be3 Nd4
9.O-O O-O 10.Rb1 b6 11.a3 Bb7 12.b4 f5 13.f3 Qd7 14.Qd2 Rfd8 15.Bg5 Re8 16.Nxd4 cxd4
17.Ne2 d5 18.exd5 exd5 19.c5 bxc5 20.bxc5 Nc6 21.Nc1 Ba6 22.f4 Rac8 23.Qa2 h6
24.Bh4 Kh7 25.Rb2 Na5 26.Rc2 Nc4 27.dxc4 dxc4 28.c6 Rxc6 29.Bxc6 Qxc6 30.h3 c3
31.Rcf2 d3 32.Nxd3 Bxd3 33.Rc1 Bc4 34.Qc2 Bd4 35.g4 Re2 36.Qd1  0-1

[Event "Politiken Cup 2013"]
[Site "Helsingor DEN"]
[Date "2013.07.30"]
[Round "5.6"]
[White "Negi,P"]
[Black "Portisch,L"]
[Result "1-0"]
[WhiteElo "2634"]
[BlackElo "2479"]

1.e4 e5 2.Nf3 Nc6 3.d4 exd4 4.Nxd4 Bc5 5.Nb3 Bb6 6.Nc3 d6 7.Qe2 Nf6 8.Be3 h6
9.O-O-O Qe7 10.g3 Bg4 11.f3 Be6 12.Bg2 O-O-O 13.Rhe1 Rhe8 14.Bxb6 axb6 15.Qf1 Nd7
16.f4 Kb8 17.Nd4 Nxd4 18.Rxd4 Nf6 19.Qd3 g5 20.Rd1 Rc8 21.Ra4 Bd7 22.Ra3 Bc6
23.e5 Bxg2 24.Nb5 Rcd8 25.Qc4 d5 26.Qa4 Qxa3 27.Qxa3 Nd7 28.Qa7+ Kc8 29.Qa8+ Nb8
30.Na7+ Kd7 31.Qxb7 Re7 32.Nb5  1-0

[Event "Politiken Cup 2013"]
[Site "Helsingor DEN"]
[Date "2013.07.31"]
[Round "6.3"]
[White "Bulski,K"]
[Black "Negi,P"]
[Result "0-1"]
[WhiteElo "2534"]
[BlackElo "2634"]

1.Nf3 Nf6 2.c4 c5 3.Nc3 d5 4.cxd5 Nxd5 5.g3 Nc6 6.Bg2 Nc7 7.O-O e5 8.a3 Rb8
9.d3 Be7 10.Be3 O-O 11.Rc1 b6 12.Nd2 Bb7 13.Nc4 Re8 14.f4 Bf8 15.fxe5 Nxe5
16.Bf4 Bxg2 17.Kxg2 Bd6 18.e4 Nxc4 19.dxc4 Be5 20.Bxe5 Rxe5 21.Qxd8+ Rxd8
22.Nd5 Ne8 23.Rfe1 Nd6 24.Rcd1 f5 25.Nc3 Ree8 26.exf5 Rxe1 27.Rxe1 Nxc4 28.Re2 Rd3
29.Na4 Kf7 30.g4 Ne3+ 31.Kf3 Nd5+ 32.Kf2 Rd4  0-1

[Event "Politiken Cup 2013"]
[Site "Helsingor DEN"]
[Date "2013.08.01"]
[Round "7.1"]
[White "Negi,P"]
[Black "Cheparinov,I"]
[Result "1/2-1/2"]
[WhiteElo "2634"]
[BlackElo "2678"]

1.e4 c5 2.Nf3 d6 3.d4 Nf6 4.Nc3 cxd4 5.Nxd4 a6 6.h3 e5 7.Nb3 Be6 8.Be3 Be7
9.f4 exf4 10.Bxf4 Nc6 11.Qe2 Nd7 12.O-O-O Nde5 13.Kb1 O-O 14.g4 Rc8 15.Qg2 Re8
16.g5 Qb6 17.Nd5 Bxd5 18.exd5 Na5 19.Nxa5 Qxa5 20.h4 Bf8 21.h5 g6 22.hxg6 hxg6
23.Bxe5 dxe5 24.Qh3 Bg7 25.Qh7+ Kf8 26.Bh3 Rc4 27.c3 Qb6 28.d6 Rd8 29.d7 Rxc3
30.Rhf1 Rc4 31.Rxf7+ Kxf7 32.Bg2 Rh8 33.Qxh8 Bxh8 34.d8=Q Qxd8 35.Rxd8 Rh4
36.Bxb7 e4 37.Bxe4 Rxe4 38.Rxh8 Re5 39.Rb8 a5 40.b4 axb4  1/2-1/2

[Event "Politiken Cup 2013"]
[Site "Helsingor DEN"]
[Date "2013.08.02"]
[Round "8.2"]
[White "Negi,P"]
[Black "Maze,S"]
[Result "1-0"]
[WhiteElo "2634"]
[BlackElo "2547"]

1.e4 e5 2.Nf3 Nc6 3.Bb5 Nf6 4.O-O Nxe4 5.d4 Nd6 6.Bxc6 dxc6 7.dxe5 Nf5 8.Qxd8+ Kxd8
9.Nc3 Ne7 10.Bf4 Ke8 11.Rad1 Bg4 12.Rd3 Be6 13.Rfd1 Nd5 14.Ne2 Bc5 15.Bg3 h6
16.Nfd4 Bxd4 17.Nxd4 c5 18.Nxe6 fxe6 19.c4 Nb6 20.b3 Rf8 21.f4 Rf7 22.Kf2 Rd7
23.Bh4 Rxd3 24.Rxd3 Nd7 25.Ke3 Rb8 26.a4 a6 27.a5 b5 28.axb6 cxb6 29.Rd6 Nf8
30.g4 a5 31.f5 b5 32.fxe6 g5 33.Be1 a4 34.bxa4 b4 35.Kd2 Ke7 36.a5 Nxe6 37.a6 Nd4
38.Bf2 Nf3+ 39.Kc1 Nxe5 40.Bxc5 Rc8 41.a7 Rxc5 42.Rd5 Nd3+ 43.Kd2  1-0

[Event "Politiken Cup 2013"]
[Site "Helsingor DEN"]
[Date "2013.08.03"]
[Round "9.2"]
[White "Melkumyan,H"]
[Black "Negi,P"]
[Result "0-1"]
[WhiteElo "2632"]
[BlackElo "2634"]

1.d4 d5 2.c4 c6 3.cxd5 cxd5 4.Bf4 Nf6 5.Nc3 a6 6.e3 Bf5 7.Be2 Nc6 8.Nf3 e6
9.O-O Bd6 10.Bxd6 Qxd6 11.Rc1 O-O 12.Na4 Nd7 13.Qb3 Rab8 14.Nc5 Nxc5 15.Rxc5 b6
16.Rcc1 a5 17.Rc3 Ne7 18.Rfc1 Bg4 19.Qb5 Bxf3 20.Bxf3 Qb4 21.Qxb4 axb4 22.Rc7 Nf5
23.g4 Nd6 24.Rd7 Nc4 25.b3 Nd2 26.Kg2 Ra8 27.Rc2 Nb1 28.e4 dxe4 29.Bxe4 Rad8
30.Rxd8 Rxd8 31.Bf3 b5 32.d5 exd5 33.Bxd5 g6 34.Bf3 Rd4 35.Bc6 Nc3 36.h3 Rd6
37.Bf3 Ra6 38.Be2 Kf8 39.Bf1 Ke7 40.Kf3 Kd6 41.Kf4 Kc5 42.Bd3 Kd4 43.Rd2 Rxa2
44.Rxa2 Nxa2 45.Bxb5 Nc1 46.Bc4 f6 47.g5 Nd3+ 48.Kg3 fxg5 49.Bg8 h6 50.Bh7 Nf4
51.h4 Ke5 52.hxg5 h5 53.Bg8 Kf5 54.Bf7 Kxg5 55.Be8 Ne2+ 56.Kg2 Kf6 57.Bb5 Nd4
58.Bc4 g5 59.Kg3 Ke5 60.Bf7 Nf5+ 61.Kg2 h4 62.Kf3 h3 63.Bh5 Nd4+ 64.Kg3 Nxb3
65.Bg6 Nd2 66.Kxh3 Kf4  0-1

[Event "Politiken Cup 2013"]
[Site "Helsingor DEN"]
[Date "2013.08.04"]
[Round "10.1"]
[White "Negi,P"]
[Black "Brunello,S"]
[Result "1-0"]
[WhiteElo "2634"]
[BlackElo "2593"]

1.e4 e5 2.Nf3 Nc6 3.Bb5 f5 4.d3 fxe4 5.dxe4 Nf6 6.O-O Bc5 7.Nc3 d6 8.Bg5 O-O
9.Nd5 Kh8 10.Nh4 Be6 11.Bxf6 gxf6 12.Qh5 Rg8 13.Bd3 Qf8 14.Qf3 Rg5 15.g3 Nd4
16.Qg2 c6 17.Nc7 Rc8 18.Nxe6 Nxe6 19.Kh1 Rd8 20.Rad1 Nf4 21.Qf3 Ng6 22.Bc4 Nxh4
23.gxh4 Rg6 24.h5 Rg5 25.h4 Rg7 26.Rg1 Rdd7 27.h6 Rg6 28.h5 Qxh6 29.Qxf6+ Qg7
30.Qf5 Rd8 31.hxg6  1-0

[Event "TCh-ESP CECLUB Honor 2013"]
[Site "Linares ESP"]
[Date "2013.09.11"]
[Round "4.3"]
[White "Giri,A"]
[Black "Negi,P"]
[Result "1/2-1/2"]
[WhiteElo "2737"]
[BlackElo "2662"]

1.Nf3 Nf6 2.g3 d5 3.c4 c6 4.Bg2 g6 5.b3 Bg7 6.Bb2 O-O 7.O-O dxc4 8.bxc4 c5
9.d3 Nc6 10.Ne5 Nd4 11.e3 Nf5 12.Qc2 Rb8 13.Nd2 Nd7 14.Nef3 e5 15.a4 a5 16.Ne4 b6
17.Nc3 Bb7 18.Rad1 Ne7 19.Nb5 Nc6 20.h4 Nb4 21.Qe2 Qe7 22.h5 Rbd8 23.Nh4 Bxg2
24.Kxg2 Nb8 25.e4 N8c6 26.Rh1 Rd7 27.Nc3 Nd4 28.Qe3 g5 29.h6 Bxh6 30.g4 Bg7
31.Nf5 Nxf5 32.gxf5 f6 33.Nd5 Nxd5 34.exd5 Qe8 35.Qh3 h6 36.Ra1 Rff7 37.Qh5 Rfe7
38.f3 Bf8 39.Bc3 Rd6 40.Kg3 Qxh5 41.Rxh5 Ra7 42.Rh2 Kg7 43.Rah1 Kh7 44.Kg4 Ra8
45.Kh5 Kg7 46.Bd2 Be7 47.Re2 Kf7 48.Rhe1 Bf8 49.Be3 Rc8 50.Rb1 Be7 51.Reb2 Bd8
52.Kxh6 Bc7 53.Kh5 Rh8+ 54.Kg4 Rh4+ 55.Kg3 e4 56.f4 exd3 57.Bxc5 Rd8 58.d6 Bxd6
59.Bxd6 Rxd6 60.c5 bxc5 61.Rb7+ Ke8 62.Re1+ Kd8 63.Ree7 d2 64.Rg7  1/2-1/2

[Event "Bundesliga 2013-14"]
[Site "Emsdetten GER"]
[Date "2013.10.13"]
[Round "2"]
[White "Negi,P"]
[Black "Kasimdzhanov,R"]
[Result "1/2-1/2"]
[WhiteElo "2671"]
[BlackElo "2699"]

1.e4 e5 2.Nf3 Nc6 3.Bb5 a6 4.Ba4 Nf6 5.O-O b5 6.Bb3 Bc5 7.c3 d6 8.d4 Bb6
9.Be3 O-O 10.Nbd2 h6 11.h3 exd4 12.cxd4 Ne7 13.Rc1 Bb7 14.Bc2 Ng6 15.Re1 Re8
16.d5 c6 17.dxc6 Bxc6 18.Nd4 Bb7 19.Nf5 d5 20.Nb3 Rc8 21.Bxb6 Qxb6  1/2-1/2

[Event "51st ch-IND Premier 2013"]
[Site "Jalgaon IND"]
[Date "2013.12.17"]
[Round "1.3"]
[White "Ashwin,J"]
[Black "Negi,P"]
[Result "1/2-1/2"]
[WhiteElo "2487"]
[BlackElo "2671"]

1.e4 e5 2.Nf3 Nc6 3.Bb5 Nf6 4.O-O Nxe4 5.Re1 Nd6 6.Nxe5 Be7 7.Bf1 Nxe5 8.Rxe5 O-O
9.d4 Bf6 10.Re1 Re8 11.Bf4 Rxe1 12.Qxe1 Ne8 13.c3 d5 14.Bd3 g6 15.Nd2 Ng7
16.Qe2 Bf5 17.Bxf5 Nxf5 18.Qb5 g5 19.Bg3 Nxg3 20.hxg3 Rb8 21.Nf1 c6 22.Qd3 Qd7
23.Qf3 Qe6 24.g4 Re8 25.Ne3 Bd8  1/2-1/2

[Event "51st ch-IND Premier 2013"]
[Site "Jalgaon IND"]
[Date "2013.12.18"]
[Round "2.5"]
[White "Negi,P"]
[Black "Sasikiran,K"]
[Result "1/2-1/2"]
[WhiteElo "2671"]
[BlackElo "2666"]

1.e4 e5 2.Nf3 Nc6 3.Bb5 a6 4.Ba4 Nf6 5.O-O Be7 6.Re1 b5 7.Bb3 O-O 8.h3 Bb7
9.d3 d5 10.c3 dxe4 11.dxe4 Na5 12.Qxd8 Rfxd8 13.Bc2 Nd7 14.Nbd2 c5 15.Nf1 Nc4
16.b3 Nd6 17.Ne3 Rac8 18.a4 c4 19.Ba3 cxb3 20.Bxb3 Nc5 21.Bd5 Bf8 22.axb5 Bxd5
23.exd5 Nd3 24.bxa6 Nxe1 25.Nxe1 Rxc3 26.Bb2 Rb3 27.Bxe5 Ra8 28.N1c2 Rb6
29.a7 Rb7 30.Bd4 Nb5 31.Rb1 Nd6 32.Ra1 Nb5  1/2-1/2

[Event "51st ch-IND Premier 2013"]
[Site "Jalgaon IND"]
[Date "2013.12.19"]
[Round "3.4"]
[White "Deepan,C"]
[Black "Negi,P"]
[Result "1/2-1/2"]
[WhiteElo "2462"]
[BlackElo "2671"]

1.d4 d5 2.c4 e6 3.Nc3 Nf6 4.Nf3 c5 5.cxd5 Nxd5 6.e4 Nxc3 7.bxc3 cxd4 8.cxd4 Bb4+
9.Bd2 Bxd2+ 10.Qxd2 O-O 11.Bc4 Nd7 12.O-O b6 13.a4 Bb7 14.Bd3 e5 15.d5 Nc5
16.Qe3 f5 17.Nxe5 fxe4 18.Bxe4 Nxe4 19.Qxe4 Qxd5 20.Qxd5+ Bxd5 21.Rfd1 Rfd8
22.f4 Bb3 23.Rdb1 Bc2 24.Rb4 a5 25.Rb2 Be4 26.Kf2 Rac8 27.Kg1 Ra8 28.Nc4  1/2-1/2

[Event "51st ch-IND Premier 2013"]
[Site "Jalgaon IND"]
[Date "2013.12.21"]
[Round "5.5"]
[White "Lalith,B"]
[Black "Negi,P"]
[Result "1-0"]
[WhiteElo "2569"]
[BlackElo "2671"]

1.d4 Nf6 2.c4 g6 3.Nc3 d5 4.Nf3 Bg7 5.Qb3 dxc4 6.Qxc4 O-O 7.e4 Na6 8.a3 c5
9.d5 e6 10.Bg5 exd5 11.Nxd5 Be6 12.O-O-O Bxd5 13.Rxd5 Qe8 14.Bxf6 Bxf6 15.e5 Bg7
16.Qb5 Nc7 17.Qxe8 Rfxe8 18.Rd7 Ne6 19.Rxb7 Nd8 20.Rd7 Ne6 21.Rb7 Nd8 22.Rd7 Bxe5
23.Nxe5 Rxe5 24.Bc4 Rf5 25.f3 Nc6 26.Rhd1 Ne5 27.Rd8+ Rxd8 28.Rxd8+ Kg7 29.Bb5 c4
30.a4 Nd3+ 31.Kb1 Ne1 32.Rd2 Rc5 33.Re2 Nd3 34.Re4 Ne5 35.Kc2 Kf6 36.Kc3 Rd5
37.Rd4 Rxd4 38.Kxd4 Nd3 39.Bxc4 Ne1 40.b4 Nxg2 41.b5 Ke7 42.Kc5 Kd7 43.b6 Kc8
44.Bxf7 Kb8 45.a5 g5 46.Bd5 h5 47.Kd4 h4 48.Ke4 axb6 49.axb6 h3 50.Bc6 Kc8
51.Kf5  1-0

[Event "51st ch-IND Premier 2013"]
[Site "Jalgaon IND"]
[Date "2013.12.22"]
[Round "6.3"]
[White "Negi,P"]
[Black "Thejkumar,M"]
[Result "1/2-1/2"]
[WhiteElo "2671"]
[BlackElo "2452"]

1.e4 c6 2.d4 d5 3.Nd2 dxe4 4.Nxe4 Bf5 5.Ng3 Bg6 6.h4 h6 7.Nf3 Nd7 8.h5 Bh7
9.Bd3 Bxd3 10.Qxd3 e6 11.Bd2 Ngf6 12.O-O-O Be7 13.Kb1 O-O 14.Ne4 c5 15.g4 Nxg4
16.Qe2 Qb6 17.Nh4 f5 18.Ng6 Rf7 19.f3 fxe4 20.fxg4 cxd4 21.Nxe7+ Rxe7 22.Qxe4 Nf6
23.Qg6 Nd5 24.Rde1 e5 25.Qe4 Nc3+ 26.Bxc3 dxc3 27.Qc4+ Qe6 28.Qxc3 Qxg4 29.Rxe5 Rxe5
30.Qxe5 Rd8 31.b3 a6 32.a4 Qf3 33.Rg1 Rd1+ 34.Rxd1 Qxd1+ 35.Kb2 Qd7 36.Ka3 Kf7
37.Qf4+ Ke7 38.b4 Qd5 39.a5 Qc6 40.c4 Qd7 41.b5 axb5 42.Qe5+ Kd8 43.cxb5 Kc8
44.Kb4 g5 45.hxg6 Qg4+ 46.Kc3 Qxg6 47.b6 Qc6+ 48.Kd4 Kd7 49.Qf5+ Kd8 50.Qf8+ Kd7
51.Qf7+ Kd8 52.Ke3 Qc3+ 53.Kf2 Qb2+ 54.Kg3 Qc3+ 55.Kh4 Qb4+  1/2-1/2

[Event "51st ch-IND Premier 2013"]
[Site "Jalgaon IND"]
[Date "2013.12.24"]
[Round "7.6"]
[White "Rathnakaran,K"]
[Black "Negi,P"]
[Result "0-1"]
[WhiteElo "2411"]
[BlackElo "2671"]

1.e4 c5 2.Nf3 d6 3.c3 Nf6 4.h3 Nc6 5.Bd3 d5 6.e5 Nd7 7.Bb5 e6 8.d4 Qa5 9.Bxc6 bxc6
10.O-O Be7 11.dxc5 Qc7 12.b4 Nxe5 13.Bf4 Nxf3+ 14.Qxf3 e5 15.Bh2 O-O 16.Qe3 Bf6
17.Nd2 a5 18.a4 Rb8 19.f4 e4 20.f5 Be5 21.Bxe5 Qxe5 22.bxa5 Bxf5 23.Rab1 Ra8
24.Nb3 Bd7 25.Nd4 Qc7 26.c4 Rxa5 27.cxd5 cxd5 28.Nb5 Qe5 29.Rfc1 Rxa4 30.c6 Be6
31.Qb3 Rc4 32.c7 h6 33.Rxc4 dxc4 34.Qc3 Qg5 35.Kh1 Rc8 36.Nd6 Rxc7 37.Rb8+ Kh7
38.Nxe4 Qf4 39.Nd2 Rd7 40.Rb2 Rd3 41.Qc2 Bd5  0-1

[Event "51st ch-IND Premier 2013"]
[Site "Jalgaon IND"]
[Date "2013.12.25"]
[Round "8.2"]
[White "Negi,P"]
[Black "Shyam,N"]
[Result "1/2-1/2"]
[WhiteElo "2671"]
[BlackElo "2420"]

1.e4 e6 2.d4 d5 3.Nc3 dxe4 4.Nxe4 Bd7 5.Nf3 Bc6 6.Bd3 Nd7 7.O-O Ngf6 8.Ng3 Be7
9.Re1 Bxf3 10.Qxf3 c6 11.b3 Qa5 12.Bb2 Ba3 13.Bxa3 Qxa3 14.Ne4 Nxe4 15.Bxe4 O-O
16.c4 Nf6 17.d5 exd5 18.cxd5 cxd5 19.Bxd5 Nxd5 20.Qxd5 b6 21.Qe5 h6 22.h4 Rfc8
23.Re3 Qc5 24.Qf4 Re8 25.Rae1 Rxe3 26.Qxe3 Qxe3 27.Rxe3 Kf8 28.Kf1 Re8 29.Rc3 h5
30.f3 g6 31.Kf2 Re7 32.Rc8+ Kg7 33.b4 Rd7 34.Ke3 Rd1 35.Ra8 Rb1 36.Rxa7 Rxb4
37.g3  1/2-1/2

[Event "51st ch-IND Premier 2013"]
[Site "Jalgaon IND"]
[Date "2013.12.26"]
[Round "9.7"]
[White "Vishnu,P"]
[Black "Negi,P"]
[Result "1-0"]
[WhiteElo "2523"]
[BlackElo "2671"]

1.d4 Nf6 2.c4 g6 3.Nc3 d5 4.cxd5 Nxd5 5.Bd2 Nb6 6.Bg5 Bg7 7.e3 c5 8.dxc5 Bxc3+
9.bxc3 Qxd1+ 10.Rxd1 N6d7 11.Rd5 f6 12.Bh6 e6 13.Rd1 Kf7 14.e4 Nxc5 15.e5 f5
16.Nf3 Nbd7 17.Bb5 Ke7 18.h4 Ne4 19.h5 gxh5 20.Rxh5 Nxc3 21.Bg5+ Ke8 22.Rd6 Nxb5
23.Rxe6+ Kf7 24.Re7+ Kf8 25.e6 Nc5 26.Ne5 Bxe6 27.Ng6+ hxg6 28.Rxh8+ Bg8
29.Reh7  1-0